Building contract casebook (Record no. 113859)
[ view plain ]
| 000 -LEADER | |
|---|---|
| fixed length control field | 02466cam a22002895a 4500 |
| 001 - CONTROL NUMBER | |
| control field | L155830 |
| 008 - FIXED-LENGTH DATA ELEMENTS--GENERAL INFORMATION | |
| fixed length control field | 120417s2012 xxk f 000 0 eng d |
| 020 ## - INTERNATIONAL STANDARD BOOK NUMBER | |
| International Standard Book Number | 9781119963875 |
| 035 ## - SYSTEM CONTROL NUMBER | |
| System control number | (Sirsi) u155830 |
| 041 ## - LANGUAGE CODE | |
| Language code of text/sound track or separate title | eng |
| 100 ## - MAIN ENTRY--PERSONAL NAME | |
| Personal name | Furmston, Michael |
| 245 ## - TITLE STATEMENT | |
| Title | Building contract casebook |
| Medium | [electronic resource] |
| 250 ## - EDITION STATEMENT | |
| Edition statement | 5th ed. |
| 260 ## - PUBLICATION, DISTRIBUTION, ETC. | |
| Name of publisher, distributor, etc. | Wiley-Blackwell |
| Date of publication, distribution, etc. | 2012 |
| 300 ## - PHYSICAL DESCRIPTION | |
| Extent | ebook |
| 505 2# - FORMATTED CONTENTS NOTE | |
| Formatted contents note | Part I Formation of the contract -- 1 Letters of Intent -- 2 Costs of Tendering -- 3 Tenders and Estimates -- 4 Incorporation of Documents -- 5 Completion of the Contract -- Part II Performance of the contract -- 6 The Contractor's Obligations -- Design -- Materials and workmanship -- Progress and completion -- Indemnities and insurance -- 7 The Employer's Obligations -- Possession of site -- Time and extent of possession -- Site conditions -- Co-operation -- Instructions -- Payment -- Lump sum contracts -- Other contracts -- Retention -- Quantum meruit -- Set-off -- Miscellaneous -- Nomination of sub-contractors and specialists -- Objection to nominees -- Displacement of implied terms -- Form of sub-contracts -- Effect of failure -- Default in supply of goods -- 8 Ownership and Vesting of Materials -- Materials and goods -- Vesting clauses -- 9 Acceptance and Defects -- 10 Approval and Certificates -- General -- Nature and effect of certificates -- Recovery without certificate -- 11 Variations -- 12 Damages for Breach of Construction Contracts -- 13 Prolongation and Disruption Claims -- 14 Liquidated Damages and Extensions of Time -- Liquidated damages -- Extensions of time -- Interpretation of provisions -- Part III Discharge of the contract -- 15 Release -- 16 Frustration -- 17 Illegality -- 18 Forfeiture Clauses, Repudiation and Determination -- 19 Limitation -- The Limitation Act 1980 -- Latent Damage Act 1986 -- Part IV Sub-contracts and sub-contracting -- 20 Assignment and Sub-letting -- 21 Domestic Sub-contractors -- 22 Nominated Sub-contractors -- Part V Building contracts and the law of tort -- 23 Building Contracts and the Law of Tort |
| 650 ## - SUBJECT ADDED ENTRY--TOPICAL TERM | |
| Topical term or geographic name entry element | CONTRACT LAW |
| 650 ## - SUBJECT ADDED ENTRY--TOPICAL TERM | |
| Topical term or geographic name entry element | TENDERING |
| 650 ## - SUBJECT ADDED ENTRY--TOPICAL TERM | |
| Topical term or geographic name entry element | SUBCONTRACTS |
| 650 ## - SUBJECT ADDED ENTRY--TOPICAL TERM | |
| Topical term or geographic name entry element | EXTENSIONS OF TIME |
| 650 24 - SUBJECT ADDED ENTRY--TOPICAL TERM | |
| Topical term or geographic name entry element | EBOOK |
| 650 ## - SUBJECT ADDED ENTRY--TOPICAL TERM | |
| Topical term or geographic name entry element | LIQUIDATED DAMAGES |
| 651 #4 - SUBJECT ADDED ENTRY--GEOGRAPHIC NAME | |
| Geographic name | International |
| 690 ## - LOCAL SUBJECT ADDED ENTRY--TOPICAL TERM (OCLC, RLIN) | |
| Topical term or geographic name as entry element | Contracts |
| 9 (RLIN) | 6232 |
| 856 40 - ELECTRONIC LOCATION AND ACCESS | |
| Uniform Resource Identifier | <a href="https://www.vlebooks.com/">https://www.vlebooks.com/</a> |
| Public note | View on VLEbooks. Logins for members only from [email protected] |
| 942 ## - ADDED ENTRY ELEMENTS (KOHA) | |
| Suppress in OPAC | 0 |
| Withdrawn status | Lost status | Source of classification or shelving scheme | Damaged status | Not for loan | Home library | Current library | Shelving location | Date acquired | Total Checkouts | Full call number | Barcode | Date last seen | Copy number | Price effective from | Koha item type |
|---|---|---|---|---|---|---|---|---|---|---|---|---|---|---|---|
| Dewey Decimal Classification | Virtual | Virtual | Online | 17/04/2012 | EBOOK | 155830-2001 | 06/08/2019 | 1 | 06/08/2019 | Book |